000 00781nam a22002417a 4500
003 DO-SdBNP
005 20220901135714.0
007 ta
008 210611e2018 dr a|||er|||| 001 p spa d
040 _aDO-SdBNP
_bspa
_cBNPHU
082 4 _aRD861.44
_bS211e
_222
100 1 _98541
_aSánchez Roa, Adriano,
_d1956-
245 1 0 _aEn tiempos Caracoles /
_bAdrinao Sánchez Roa ; ilustración Julián Amado
260 _aSanto Domingo :
_bCCD,
_c2018.
300 _a52 p. :
_bil. ;
_c23 cm.
590 _aInventariado, 2021/MF
590 _aLa biblioteca posee un ejemplar o autografiado por el autor
650 4 _aPoesía dominicana
650 4 _aLiteratura dominicana
700 1 2 _aAmado, Julián,
_eil.
_929282
910 _aMF/Validado. Control de calidad MFF
942 _2ddc
_cLBS1
999 _c49912
_d49912